000
00331 a2200157 4500
001
195129
020
_a
978-85-418-1842-1
040
_c
Magnum
100
_a
Assis, Machado de
240
1
0
_a
Machado de Assis
_l
por
245
1
0
_a
Machado de Assis
300
_a
185
362
0
_a
2017
697
_a
LITERATURA GERAL
942
_c
BK
999
_c
195129
_d
195129